Introduction to applied nonlinear dynamical systems and chaos (Record no. 20004)
[ view plain ]
| 000 -LEADER | |
|---|---|
| fixed length control field | 00796nam a2200277 a 4500 |
| 001 - CONTROL NUMBER | |
| control field | 157663 |
| 003 - CONTROL NUMBER IDENTIFIER | |
| control field | OSt |
| 005 - DATE AND TIME OF LATEST TRANSACTION | |
| control field | 20211231120412.0 |
| 008 - FIXED-LENGTH DATA ELEMENTS--GENERAL INFORMATION | |
| fixed length control field | 200623 ### ENG |
| 020 ## - INTERNATIONAL STANDARD BOOK NUMBER | |
| International Standard Book Number | 9780387001777 |
| 082 ## - DEWEY DECIMAL CLASSIFICATION NUMBER | |
| Classification number | 003.85 |
| Item number | W63I |
| 100 ## - MAIN ENTRY--PERSONAL NAME | |
| Personal name | Wiggins, Stephen |
| 245 ## - TITLE STATEMENT | |
| Title | Introduction to applied nonlinear dynamical systems and chaos |
| Statement of responsibility, etc | by Stephen Wiggins |
| 250 ## - EDITION STATEMENT | |
| Edition statement | 2nd ed. |
| 260 ## - PUBLICATION, DISTRIBUTION, ETC. (IMPRINT) | |
| Place of publication, distribution, etc | New York |
| Name of publisher, distributor, etc | Springer |
| Date of publication, distribution, etc | 2003 |
| 300 ## - PHYSICAL DESCRIPTION | |
| Extent | xix, 843p. |
| 490 ## - SERIES STATEMENT | |
| Series statement | Texts in applied mathematics |
| Volume number/sequential designation | 2 |
| 653 ## - INDEX TERM--UNCONTROLLED | |
| Uncontrolled term | Differentiable dynamical systems |
| 653 ## - INDEX TERM--UNCONTROLLED | |
| Uncontrolled term | Nonlinear theories |
| 653 ## - INDEX TERM--UNCONTROLLED | |
| Uncontrolled term | Chaotic behavior in systems |
| 653 ## - INDEX TERM--UNCONTROLLED | |
| Uncontrolled term | Mathematics |
| 653 ## - INDEX TERM--UNCONTROLLED | |
| Uncontrolled term | Global analysis (Mathematics) |
| 653 ## - INDEX TERM--UNCONTROLLED | |
| Uncontrolled term | Engineering mathematics |
| 653 ## - INDEX TERM--UNCONTROLLED | |
| Uncontrolled term | Engineering |
| 942 ## - ADDED ENTRY ELEMENTS (KOHA) | |
| Source of classification or shelving scheme | Dewey Decimal Classification |
| Koha item type | Books |
| Withdrawn status | Lost status | Source of classification or shelving scheme | Damaged status | Not for loan | Collection code | Home library | Current library | Date acquired | Source of acquisition | Full call number | Barcode | Checked out | Date last seen | Price effective from | Koha item type |
|---|---|---|---|---|---|---|---|---|---|---|---|---|---|---|---|
| Dewey Decimal Classification | General Text Book | Central University Of Rajasthan | Central University Of Rajasthan | 23/06/2020 | MTH(P) | 003.85 W63I | 33951 | 01/09/2020 | 02/09/2020 | 02/09/2020 | Books |
